000
00303nam a22001337a 4500
005
20240705161240.0
008
240705b |||||||| |||| 00| 0 eng d
020
_a
978-81-928045-5-2
041
_a
eng
245
_a
PURNNAK KI OR
260
_a
BHOPAL
_b
ARCHANA PRAKASHAN
300
_a
160;p
942
_c
BK
999
_c
8552
_d
8550